1020 1897 1250 1697 1701 1039 1078 1935 1809 1221 1556 1515 1871 1921 1548 1473 1746 1849 1543 1419 1172 1692 1899 1643 1984 1749 1427 1400 1127 1350 1684 1243 1193 1426 1638 1981 1303 1062 1298 1909 1570 1821 1922 1295 1541 1725 1470 1655 1060 1400 1925 1509 1053 1430 1276 1634 1996 1845 1675 1966 1786 1441 1658 1920 1176 1417 1701 1329 1498 1107 1097 1621 1195 1008 1606 1086 1665 1648 1623 1041 1887 1901 1386 1342 1990 1659 1191 1179 1745 1257 1162 1743 1871 1150 1957 1294 1652 1430 1426 BCNSPRNW ULIB Ver.6.0+V

เปลี่ยนเป็นภาษาไทย

Change to English
 แสดงรายละเอียดบรรณานุกรม
  กลับหน้าหลัก

Brief Record : Get Marc (ISO 2709) : E-mail record : QR code < ปิดหน้าต่าง
LEADER : 00000nam 2200000uu 4500
001    13399128277
003     ULIB
008    221111s2564||||th 000 0 tha d
020    ^a9786168012147
060 04 ^aWY85^bค695
245 00 ^aคู่มือส่งเสริมจริยธรรมสำหรับองค์การพยาบาล :^bกลไกและการปฏิบัติ/^cบรรณาธิการ, ทัศนา บุญทอง, อังคณา สริยาภรณ์, สุนทราวดี เธียรพิเชฐ, ชุลีพร เชาวน์เมธากิจ
250    ^aพิมพ์ครั้งที่ 1(ฉบับปรับปรุงครั้งที่ 1)
260    ^aนนทบุรี :^bสภาการพยาบาล,^c2564
300    ^a304 หน้า ;^c21 ซม.
650  4 ^aจรรยาบรรณพยาบาล
650  4 ^aจริยธรรม
700 0  ^aทัศนา บุญทอง,^eบรรณาธิการ
700 0  ^aอังคณา สริยาภรณ์,^eบรรณาธิการ
700 0  ^aสุนทราวดี เธียรพิเชฐ,^eบรรณาธิการ
700 0  ^aชุลีพร เชาวน์เมธากิจ ,^eบรรณาธิการ
710 2  ^aสภาการพยาบาล
945    ^p0^l0^i29473
945    ^p0^l0^i29474
945    ^p0^l0^i29475
945    ^p0^l0^i29476
945    ^p0^l0^i29477
999    ^aกัณชพร จุลอักษร
รายการนี้ยังไม่มีแท็ก
คุณยังไม่ได้ล็อกอิน คุณสามารถมีกิจกรรมร่วมกับเว็บไซต์ได้ แต่ต้องล็อกอินก่อน ::
  ล็อกอิน

รายการสื่อสารสนเทศ

ลำดับที่ ประเภท เลขเรียก/บาร์โค้ด สถานที่ สถานะ
1. หนังสือสำรอง
หนังสือสำรอง
WY85 ค695 ฉ.1 
  Barcode: 29473
ห้องสมุดวิทยาเขตนครสวรรค์
►หนังสือทั่วไป:l:General Books
บนชั้น
2. วิทยาศาสตร์การแพทย์ และสุขภาพ
วิทยาศาสตร์การแพทย์ และสุขภาพ
WY85 ค695 ฉ.2 
  Barcode: 29474
ห้องสมุดวิทยาเขตนครสวรรค์
►หนังสือทั่วไป:l:General Books
บนชั้น
3. วิทยาศาสตร์การแพทย์ และสุขภาพ
วิทยาศาสตร์การแพทย์ และสุขภาพ
WY85 ค695 ฉ.3 
  Barcode: 29475
ห้องสมุดวิทยาเขตนครสวรรค์
►หนังสือทั่วไป:l:General Books
บนชั้น
4. วิทยาศาสตร์การแพทย์ และสุขภาพ
วิทยาศาสตร์การแพทย์ และสุขภาพ
WY85 ค695 ฉ.4 
  Barcode: 29476
ห้องสมุดวิทยาเขตนครสวรรค์
►หนังสือทั่วไป:l:General Books
บนชั้น
5. วิทยาศาสตร์การแพทย์ และสุขภาพ
วิทยาศาสตร์การแพทย์ และสุขภาพ
WY85 ค695 ฉ.5 
  Barcode: 29477
ห้องสมุดวิทยาเขตนครสวรรค์
►หนังสือทั่วไป:l:General Books
บนชั้น

รายการใกล้เคียง
    หัวเรื่อง [จรรยาบรรณพยาบาล]
    หัวเรื่อง [จริยธรรม]

BibComment


ยังไม่เคยถูกคอมเมนท์

คอมเมนท์ทรัพยากรรายการนี้
  คอมเมนท์: คู่มือส่งเสริมจร..


 Copyright 2026. Bcnsprnw @Library